Normal view
MARC view
Entry Personal Name
001 - CONTROL NUMBER
- control field: 41789
003 - CONTROL NUMBER IDENTIFIER
- control field: ARRUPE
005 - DATE AND TIME OF LATEST TRANSACTION
- control field: 20180806110526.0
008 - FIXED-LENGTH DATA ELEMENTS
- fixed length control field: 180806|| aca||aabn | a|a d
040 ## - CATALOGING SOURCE
- Original cataloging agency: ARRUPE
- Transcribing agency: ARRUPE
100 ## - HEADING--PERSONAL NAME
- Personal name: Kimathi, Dedan,
- Dates associated with a name: 1920-1957
- General subdivision: Drama.
670 ## - SOURCE DATA FOUND
- Source citation: Work cat.: (ARRUPE)0: Ngũgĩ wa Thiongʾo, 1938- 29778, The trial of Dedan Kimathi /, 1976.